[Event "Portugal Open 2020"]
[Site "Lisboa POR"]
[Date "2020.01.31"]
[Round "8.40"]
[White "HEID, Michael"]
[Black "CAMBANDO, Jose"]
[Result "1/2-1/2"]
[BlackElo "2166"]
[WhiteElo "1953"]
[LiveChessVersion "1.4.8"]

1. d4 {[%clk 1:30:57]} d6 {[%clk 1:22:16]} 2. Bf4 {[%clk 1:31:02]} Nf6
{[%clk 1:22:31]} 3. e3 {[%clk 1:31:26]} Nbd7 {[%clk 1:22:41]} 4. Nf3
{[%clk 1:31:42]} c6 {[%clk 1:23:04]} 5. c3 {[%clk 1:31:23]} Nh5 {[%clk 1:21:57]}
6. Bg3 {[%clk 1:31:49]} Nxg3 {[%clk 1:21:58]} 7. hxg3 {[%clk 1:32:16]} e5
{[%clk 1:22:16]} 8. Bd3 {[%clk 1:31:58]} h6 {[%clk 1:22:35]} 9. Nbd2
{[%clk 1:29:57]} Be7 {[%clk 1:22:33]} 10. Nh4 {[%clk 1:29:36]} d5
{[%clk 1:21:36]} 11. dxe5 {[%clk 1:25:27]} Nxe5 {[%clk 1:22:04]} 12. Bc2
{[%clk 1:22:27]} Qb6 {[%clk 1:21:32]} 13. Nb3 {[%clk 1:17:59]} a5
{[%clk 1:20:51]} 14. Qd4 {[%clk 1:17:57]} Qc7 {[%clk 1:20:46]} 15. Nf5
{[%clk 1:16:31]} Bf6 {[%clk 1:18:39]} 16. Qf4 {[%clk 1:16:49]} Kf8
{[%clk 1:18:00]} 17. O-O-O {[%clk 1:13:14]} Bxf5 {[%clk 1:15:54]} 18. Bxf5
{[%clk 1:09:37]} Qe7 {[%clk 1:11:35]} 19. Bc2 {[%clk 1:05:59]} Nc4
{[%clk 1:09:57]} 20. Nd4 {[%clk 1:04:22]} a4 {[%clk 1:07:24]} 21. Nf5
{[%clk 1:01:55]} Qd8 {[%clk 0:50:48]} 22. Bd3 {[%clk 0:47:06]} Be5
{[%clk 0:50:52]} 23. Qh4 {[%clk 0:41:40]} Bf6 {[%clk 0:49:32]} 24. Qf4
{[%clk 0:41:30]} Be5 {[%clk 0:45:38]} 25. Qh4 {[%clk 0:41:49]} b5
{[%clk 0:36:00]} 26. Qxd8+ {[%clk 0:37:19]} Rxd8 {[%clk 0:36:28]} 27. Nd4
{[%clk 0:37:04]} Bxd4 {[%clk 0:36:32]} 28. exd4 {[%clk 0:37:07]} Nd6
{[%clk 0:33:39]} 29. Rde1 {[%clk 0:36:56]} Re8 {[%clk 0:31:37]} 30. Kc2
{[%clk 0:34:36]} Re6 {[%clk 0:31:31]} 31. b3 {[%clk 0:34:26]} axb3+
{[%clk 0:31:56]} 32. Kxb3 {[%clk 0:34:53]} Ke7 {[%clk 0:32:00]} 33. Rxe6+
{[%clk 0:32:31]} fxe6 {[%clk 0:32:04]} 34. Ra1 {[%clk 0:32:36]} Rf8
{[%clk 0:29:04]} 35. f3 {[%clk 0:32:48]} Rb8 {[%clk 0:25:02]} 36. Kb4
{[%clk 0:32:55]} Nb7 {[%clk 0:25:11]} 37. Re1 {[%clk 0:28:53]} Kd6
{[%clk 0:25:32]} 38. Bg6 {[%clk 0:28:35]} Ra8 {[%clk 0:24:16]} 39. Re2
{[%clk 0:28:05]} Ra4+ {[%clk 0:23:48]} 40. Kb3 {[%clk 0:28:32]} Na5+
{[%clk 0:21:23]} 41. Kb2 {[%clk 0:28:58]} Nc4+ {[%clk 0:21:30]} 42. Kb1
{[%clk 0:26:24]} Ra3 {[%clk 0:21:24]} 43. Bf7 {[%clk 0:19:11]} e5
{[%clk 0:19:32]} 44. dxe5+ {[%clk 0:17:19]} Nxe5 {[%clk 0:19:14]} 45. Kb2
{[%clk 0:17:41]} Nc4+ {[%clk 0:19:41]} 46. Kc2 {[%clk 0:18:04]} Rxa2+
{[%clk 0:19:38]} 47. Kd1 {[%clk 0:18:33]} Rxe2 {[%clk 0:19:23]} 48. Kxe2
{[%clk 0:19:01]} Kc5 {[%clk 0:19:38]} 49. Be8 {[%clk 0:19:10]} Na5
{[%clk 0:15:23]} 50. Kd3 {[%clk 0:19:14]} b4 {[%clk 0:15:27]} 51. cxb4+
{[%clk 0:19:10]} Kxb4 {[%clk 0:15:43]} 52. Kd4 {[%clk 0:19:16]} Nb3+
{[%clk 0:15:48]} 53. Ke5 {[%clk 0:18:38]} Kc5 {[%clk 0:14:07]} 54. Bf7
{[%clk 0:18:33]} Nc1 {[%clk 0:13:32]} 55. f4 {[%clk 0:15:18]} Nd3+
{[%clk 0:13:23]} 56. Kf5 {[%clk 0:14:00]} Kd4 {[%clk 0:13:15]} 57. Kg6
{[%clk 0:14:08]} c5 {[%clk 0:13:35]} 58. Kxg7 {[%clk 0:14:22]} c4
{[%clk 0:13:46]} 59. Bh5 {[%clk 0:14:43]} Nf2 {[%clk 0:08:36]} 60. f5
{[%clk 0:09:15]} Ne4 {[%clk 0:06:25]} 61. Bf3 {[%clk 0:09:40]} Nxg3
{[%clk 0:02:46]} 62. f6 {[%clk 0:10:00]} Nf5+ {[%clk 0:03:05]} 63. Kg6
{[%clk 0:08:48]} Nd6 {[%clk 0:03:25]} 64. Kxh6 {[%clk 0:07:06]} c3
{[%clk 0:03:39]} 65. Bd1 {[%clk 0:07:34]} Ke3 {[%clk 0:03:55]} 66. g4
{[%clk 0:07:20]} d4 {[%clk 0:03:43]} 67. g5 {[%clk 0:07:48]} d3 {[%clk 0:04:12]}
68. g6 {[%clk 0:08:17]} c2 {[%clk 0:03:47]} 69. Bxc2 {[%clk 0:08:37]} dxc2
{[%clk 0:04:07]} 70. f7 {[%clk 0:08:56]} c1=Q {[%clk 0:04:08]} 71. f8=Q
{[%clk 0:09:11]} Ke4+ {[%clk 0:04:19]} 72. Kh7 {[%clk 0:09:13]} Nf5
{[%clk 0:02:23]} 73. g7 {[%clk 0:02:14]} Qh6+ {[%clk 0:02:38]} 74. Kg8
{[%clk 0:02:43]} Qe6+ {[%clk 0:02:08]} 75. Kh7 {[%clk 0:03:09]} Qh6+
{[%clk 0:02:01]} 76. Kg8 {[%clk 0:03:36]} Qg5 {[%clk 0:01:51]} 77. Qb4+
{[%clk 0:03:44]} Ke5 {[%clk 0:02:04]} 78. Qc5+ {[%clk 0:04:02]} Ke6
{[%clk 0:02:14]} 79. Qc8+ {[%clk 0:03:03]} Kf6 {[%clk 0:01:55]} 80. Qc3+
{[%clk 0:03:29]} Kg6 {[%clk 0:01:45]} 81. Qc6+ {[%clk 0:03:54]} Kh5
{[%clk 0:01:53]} 82. Qh1+ {[%clk 0:04:02]} Nh4 {[%clk 0:01:12]} 83. Qd1+
{[%clk 0:03:42]} Kh6 {[%clk 0:01:09]} 84. Qd6+ {[%clk 0:04:05]} Kh5
{[%clk 0:00:59]} 85. Qd1+ {[%clk 0:04:29]} 1/2-1/2

[Event "Portugal Open 2020"]
[Site "Lisboa POR"]
[Date "2020.01.31"]
[Round "8.41"]
[White "SANTOS, Antonio P"]
[Black "ATAKAY, Mustafa"]
[Result "0-1"]
[BlackElo "1886"]
[WhiteElo "2152"]
[LiveChessVersion "1.4.8"]

1. d4 {[%clk 1:29:35]} f5 {[%clk 1:30:58]} 2. Qd3 {[%clk 1:23:51]} d5
{[%clk 1:22:37]} 3. g4 {[%clk 1:22:06]} fxg4 {[%clk 1:20:32]} 4. h3
{[%clk 1:22:26]} g3 {[%clk 1:20:52]} 5. fxg3 {[%clk 1:21:04]} Nf6
{[%clk 1:18:43]} 6. Nc3 {[%clk 1:11:26]} e6 {[%clk 1:01:13]} 7. Bg2
{[%clk 1:01:14]} c5 {[%clk 0:50:47]} 8. Bg5 {[%clk 0:46:33]} cxd4
{[%clk 0:48:38]} 9. Qxd4 {[%clk 0:46:34]} Nc6 {[%clk 0:48:58]} 10. Qh4
{[%clk 0:46:46]} Bb4 {[%clk 0:42:53]} 11. Nf3 {[%clk 0:35:25]} O-O
{[%clk 0:42:42]} 12. O-O {[%clk 0:32:49]} Be7 {[%clk 0:32:32]} 13. e4
{[%clk 0:25:46]} d4 {[%clk 0:27:35]} 14. e5 {[%clk 0:21:54]} dxc3
{[%clk 0:24:50]} 15. exf6 {[%clk 0:22:07]} Bxf6 {[%clk 0:24:11]} 16. Bxf6
{[%clk 0:11:39]} gxf6 {[%clk 0:18:48]} 17. bxc3 {[%clk 0:11:51]} e5
{[%clk 0:18:37]} 18. Rad1 {[%clk 0:08:23]} Qe7 {[%clk 0:11:11]} 19. Nd2
{[%clk 0:07:44]} Be6 {[%clk 0:10:38]} 20. Ne4 {[%clk 0:07:45]} Kg7
{[%clk 0:11:00]} 21. Nd6 {[%clk 0:03:53]} f5 {[%clk 0:07:16]} 22. Qxe7+ Nxe7
{[%clk 0:07:39]} 23. Bxb7 {[%clk 0:03:30]} Rab8 {[%clk 0:07:21]} 24. a4
{[%clk 0:03:42]} a5 {[%clk 0:05:55]} 25. c4 {[%clk 0:02:42]} Bxc4
{[%clk 0:05:41]} 26. Nxc4 {[%clk 0:03:11]} Rxb7 {[%clk 0:06:05]} 27. Nxa5
{[%clk 0:03:12]} Rc7 {[%clk 0:05:46]} 28. Nb3 {[%clk 0:02:40]} Rxc2
{[%clk 0:05:40]} 29. Rd7 {[%clk 0:01:11]} Kf6 {[%clk 0:05:54]} 30. Rd6+
{[%clk 0:01:32]} Kf7 {[%clk 0:06:14]} 31. Rc1 {[%clk 0:01:16]} Rb2
{[%clk 0:05:58]} 32. Nc5 {[%clk 0:01:13]} Rc8 {[%clk 0:04:55]} 33. Rc4
{[%clk 0:01:00]} e4 {[%clk 0:05:05]} 34. Kf1 {[%clk 0:01:17]} Ra2
{[%clk 0:03:02]} 35. Ke1 {[%clk 0:01:31]} Rb8 {[%clk 0:03:18]} 36. Rd2
{[%clk 0:01:34]} Ra3 {[%clk 0:02:46]} 37. g4 {[%clk 0:01:44]} e3 {[%clk 0:02:54]}
38. Rdc2 {[%clk 0:01:56]} fxg4 {[%clk 0:02:51]} 39. hxg4 {[%clk 0:02:21]} Nd5
{[%clk 0:02:02]} 40. Ke2 {[%clk 0:02:31]} Rb4 {[%clk 0:02:01]} 41. Rxb4
{[%clk 0:01:55]} Nxb4 {[%clk 0:02:25]} 42. Rb2 {[%clk 0:01:52]} Nd5
{[%clk 0:02:45]} 43. Kf3 {[%clk 0:02:06]} Nc3 {[%clk 0:03:06]} 44. Ne4
{[%clk 0:01:19]} e2 {[%clk 0:02:58]} 45. Rb7+ {[%clk 0:01:07]} Kg6
{[%clk 0:03:18]} 46. Rb6+ {[%clk 0:01:30]} Kg7 {[%clk 0:03:43]} 47. Rb7+
{[%clk 0:01:48]} Kf8 {[%clk 0:04:09]} 48. Rb8+ {[%clk 0:01:49]} Ke7
{[%clk 0:04:34]} 49. Rb7+ {[%clk 0:01:57]} Kd8 {[%clk 0:05:01]} 50. Kf2
{[%clk 0:02:21]} Ra1 {[%clk 0:05:17]} 0-1

[Event "Portugal Open 2020"]
[Site "Lisboa POR"]
[Date "2020.01.31"]
[Round "8.42"]
[White "LOPEZ DE TURISO, Jose Angel"]
[Black "GARCIA DORADO, Alberto"]
[Result "1/2-1/2"]
[BlackElo "2152"]
[WhiteElo "1893"]
[LiveChessVersion "1.4.8"]

1. d4 {[%clk 1:30:49]} d5 {[%clk 1:30:32]} 2. c4 {[%clk 1:31:03]} e6
{[%clk 1:30:43]} 3. Nc3 {[%clk 1:31:25]} Nf6 {[%clk 1:31:03]} 4. cxd5
{[%clk 1:31:37]} exd5 {[%clk 1:31:25]} 5. Bg5 {[%clk 1:31:57]} Bb4
{[%clk 1:31:48]} 6. e3 {[%clk 1:27:19]} h6 {[%clk 1:31:28]} 7. Bh4
{[%clk 1:23:47]} g5 {[%clk 1:31:35]} 8. Bg3 {[%clk 1:24:12]} Ne4 {[%clk 1:31:46]}
9. Qc2 {[%clk 1:23:40]} h5 {[%clk 1:31:58]} 10. f3 {[%clk 1:18:40]} Nxg3
{[%clk 1:29:54]} 11. hxg3 {[%clk 1:18:39]} Qe7 {[%clk 1:29:09]} 12. O-O-O
{[%clk 1:11:27]} Qxe3+ {[%clk 1:26:27]} 13. Kb1 {[%clk 1:11:46]} Bxc3
{[%clk 1:26:22]} 14. bxc3 {[%clk 1:11:58]} Qe7 {[%clk 1:24:58]} 15. g4
{[%clk 1:08:49]} h4 {[%clk 1:23:36]} 16. Nh3 {[%clk 1:07:34]} Be6
{[%clk 1:22:22]} 17. Qb3 {[%clk 0:56:05]} Nd7 {[%clk 1:18:51]} 18. Ka1
{[%clk 0:53:53]} Nb6 {[%clk 1:18:25]} 19. Bd3 {[%clk 0:45:36]} O-O-O
{[%clk 1:16:54]} 20. Rhe1 {[%clk 0:36:35]} Nc4 {[%clk 1:12:20]} 21. Qa4
{[%clk 0:30:00]} c6 {[%clk 0:51:46]} 22. Bxc4 {[%clk 0:18:08]} dxc4
{[%clk 0:52:07]} 23. Qxa7 {[%clk 0:18:19]} Rhe8 {[%clk 0:47:22]} 24. Rb1
{[%clk 0:15:50]} b5 {[%clk 0:46:07]} 25. Qa8+ {[%clk 0:02:41]} Kc7
{[%clk 0:46:36]} 26. Qa7+ {[%clk 0:03:03]} Kc8 {[%clk 0:47:03]} 27. Qa8+
{[%clk 0:03:21]} Kc7 {[%clk 0:47:32]} 28. Qa7+ Kc8 1/2-1/2